| 000 | 00439nam a2200193Ia 4500 | ||
|---|---|---|---|
| 008 | 210210b1956 xxu||||| |||| 00| 0 eng d | ||
| 041 | _aeng | ||
| 082 | _a520/155 | ||
| 100 | _aRAMACHANDRAN (G V) | ||
| 245 | _aTextbook of astronomy Ed 2 | ||
| 260 |
_aTrichy _bRukmani Ramachandran _c1956 |
||
| 300 | _a466 | ||
| 650 | _aTextbook | ||
| 650 | _aEd | ||
| 650 | _aastronomy | ||
| 650 | _a2 | ||
| 690 | _aAstronomy | ||
| 906 | _a008140 | ||
| 999 |
_c125975 _d125975 |
||